Bundestagsabgeordnete Grüne 2025 - Statistiken

Allgemein
  • Dieses Quiz wurde 11 mal gespielt
  • Das Durchschnittsergebnis liegt bei 23 aus 85
Antwortstatistiken
Antwort % Korrekt
Claudia Roth
82%
Omid Nouripour
73%
Ricarda Lang
73%
Felix Banaszak
64%
Franziska Brantner
64%
Katrin Göring-Eckardt
64%
Zoe Mayer
64%
Anton Hofreiter
55%
Karl Bär
55%
Katharina Dröge
55%
Britta Haßelmann
45%
Claudia Müller
45%
Irene Mihalic
45%
Luise Amtsberg
45%
Lukas Benner
45%
Sascha Müller
45%
Steffi Lemke
45%
Andreas Audretsch
36%
Armin Grau
36%
Chantal Kopf
36%
Jamila Schäfer
36%
Janosch Dahmen
36%
Jeanne Dillschneider
36%
Julian Joswig
36%
Konstantin von Notz
36%
Lisa Paus
36%
Paula Piechotta
36%
Sebastian Schäfer
36%
Tarek Al-Wazir
36%
Anna Lührmann
27%
Denise Loop
27%
Hanna Steinmüller
27%
Julia Schneider
27%
Julia Verlinden
27%
Lamya Kaddor
27%
Leon Eckert
27%
Marlene Schönberger
27%
Michael Kellner
27%
Moritz Heuberger
27%
Nyke Slawik
27%
Rebecca Lenhard
27%
Sandra Stein
27%
Simone Fischer
27%
Sven Lehmann
27%
Deborah Düring
18%
Harald Ebner
18%
Johannes Wagner
18%
Karoline Otte
18%
Lena Gumnior
18%
Linda Heitmann
18%
Max Lucks
18%
Niklas Wagener
18%
Robin Wagener
18%
Sylvia Rietenberg
18%
Till Steffen
18%
Timon Dzienus
18%
Agnieszka Brugger
9%
Alaa Alhamwi
9%
Andrea Lübcke
9%
Anja Reinalter
9%
Awet Tesfaiesus
9%
Ayse Asar
9%
Boris Mijatovic
9%
Corinna Rüffer
9%
Filiz Polat
9%
Helge Limburg
9%
Jan-Niclas Gesenhues
9%
Kassem Taher Saleh
9%
Katharina Beck
9%
Katrin Uhlig
9%
Kirsten Kappert-Gonther
9%
Lisa Badum
9%
Marcel Emmerich
9%
Marya Vriesema
9%
Matthias Gastel
9%
Misbah Khan
9%
Ophelia Nick
9%
Sandra Setzer
9%
Sara Nanni
9%
Schahina Gambir
9%
Stefan Schmidt
9%
Swantje Michaelsen
9%
Tina Winklmann
9%
Ulle Schauws
9%
Victoria Broßart
9%
Keine übereinstimmenden Quizze gefunden
Verteilung der Resultate
Anzahl Personen mit jedem Resultat
Perzentil nach korrekt beantworteten Fragen
Ihre Resultats-Entwicklung
Sie haben dieses Quiz noch nicht gespielt